Semántica (Record no. 185994)

MARC details
000 -LEADER
campo de control de longitud fija 00857nam a2200253 i 4500
001 - NÚMERO DE CONTROL
campo de control 185994
003 - IDENTIFICADOR DE NÚMERO DE CONTROL
campo de control SpMaBN
005 - FECHA Y HORA DE LA ÚLTIMA TRANSACCIÓN
campo de control 20250827232517.0
008 - DATOS DE LONGITUD FIJA--INFORMACIÓN GENERAL
campo de control de longitud fija 160901s1991 sp |||| | spa d
020 ## - NÚMERO INTERNACIONAL ESTÁNDAR DEL LIBRO
Número Internacional Estándar del Libro 84-306-0243-7
080 ## - NÚMERO DE LA CLASIFICACIÓN DECIMAL UNIVERSAL
Número de la Clasificación Decimal Universal 801.54
100 1# - ENTRADA PRINCIPAL--NOMBRE DE PERSONA
Nombre de persona Ullmann, Stephen.
9 (RLIN) 111936
245 10 - MENCIÓN DEL TÍTULO
Título Semántica
Resto del título : introducción a la ciencia del significado /
Mención de responsabilidad, etc. Stephen Ullmann ; traducción de Juan Martín Ruiz-Werner.
260 ## - PUBLICACIÓN, DISTRIBUCIÓN, ETC.
Lugar de publicación, distribución, etc. Madrid :
Nombre del editor, distribuidor, etc. Taurus,
Fecha de publicación, distribución, etc. [1991]
300 ## - DESCRIPCIÓN FÍSICA
Extensión XIV, 320 p. ;
Dimensiones 22 cm.
490 1# - MENCIÓN DE SERIE
Mención de serie Humanidades ;
Designación de volumen o secuencia 338.
Mención de serie Lingüística
500 ## - NOTA GENERAL
Nota general Índice.
504 ## - NOTA DE BIBLIOGRAFÍA, ETC.
Nota de bibliografía, etc. Bibliografía: p. 299-307.
650 07 - PUNTO DE ACCESO ADICIONAL DE MATERIA--TÉRMINO DE MATERIA
Término de materia o nombre geográfico como elemento de entrada Semántica.
9 (RLIN) 17037
700 1# - ENTRADA AGREGADA--NOMBRE PERSONAL
Nombre de persona Martín Ruiz-Werner, Juan.
9 (RLIN) 77640
830 00 - PUNTO DE ACCESO ADICIONAL DE SERIE-TÍTULO UNIFORME
Título uniforme Humanidades.
Nombre de parte o sección de la obra Lingüística
Designación de volumen o secuencia 338.
9 (RLIN) 225322
852 ## - LOCALIZACIÓN
Ubicación ES-MaACL
Número de control de estantería L-30605
Nota libre . - Donat. Miguel A. Velasco
Holdings
Estatus retirado Estado de pérdida Estado de daño No para préstamo Biblioteca de origen Biblioteca actual Ubicación en estantería Fecha de adquisición Fuente de adquisición Total de préstamos Signatura topográfica completa Código de barras Visto por última vez Precio de reemplazo Tipo de ítem Koha
        Biblioteca del Ateneo de Madrid Biblioteca del Ateneo de Madrid Depósito 2 01/09/2016     L-30605 1196087 23/02/2023 23/02/2023 Libro impreso